Province italiane per Qualità della vita - Statistics

Statistiche generali
  • Questo quiz è stato fatto 101 volte
    42 dall'ultimo reset
  • Il punteggio medio è 14 su 20
Statistiche sulle risposte
Posizione Punteggio Provincia % Corretto
12 619,47 Milano
95%
19 613,78 Trieste
95%
7 624,48 Verona
95%
3 635,09 Bolzano
92%
2 639,9 Trento
90%
6 625,12 Udine
90%
9 621,99 Bologna
87%
8 622,09 Vicenza
85%
11 619,69 Como
79%
17 615,03 Aosta
77%
18 614,13 Padova
77%
16 615,28 Pordenone
77%
1 640,52 Bergamo
72%
20 610,85 Brescia
72%
14 617,98 Lecco
67%
15 615,83 Siena
51%
5 626,33 Cremona
44%
10 620,07 Ascoli Piceno
10%
13 618,21 Forlì-Cesena
10%
4 632,5 Monza-Brianza
10%
Nessun quiz corrispondente trovato
Distribuzione punteggi
Percentuale di utenti per punteggio
Percentile per numero di risposta
I tuoi punteggi nel tempo
Non hai fatto questo quiz dall'ultimo reset